|
|
|
|
| LEADER |
00000nam a2200000 i 4500 |
| 001 |
106356 |
| 003 |
CZ-ZlUTB |
| 005 |
20251008112120.0 |
| 006 |
m o d |
| 007 |
cr |n |
| 008 |
220913s2021 xr a fo 000 0 cze d |
| 999 |
|
|
|c 106356
|d 106356
|
| 020 |
|
|
|a 978-80-262-1818-0
|q (ebook)
|z 978-80-262-1801-2
|
| 040 |
|
|
|a ZLD002
|b cze
|e rda
|
| 041 |
1 |
|
|a cze
|h eng
|
| 072 |
|
7 |
|a 159.93/.94
|x Senzorické a motorické funkce. Emoce. Vůle
|2 Konspekt
|9 17
|
| 080 |
|
|
|a 159.942
|2 MRF
|
| 080 |
|
|
|a 159.923.35
|2 MRF
|
| 080 |
|
|
|a 159.923.2
|2 MRF
|
| 080 |
|
|
|a 159.923.5
|2 MRF
|
| 080 |
|
|
|a (0.062)
|2 MRF
|
| 080 |
|
|
|a (0.034.2:08)
|2 MRF
|
| 100 |
1 |
|
|a Zimbardo, Philip G.,
|d 1933-
|7 nlk20020105677
|4 aut
|
| 240 |
1 |
0 |
|a Shyness.
|l Česky
|
| 245 |
1 |
0 |
|a Nesmělost /
|c Philip G. Zimbardo ; z anglického originálu Shyness přeložil Ivo Müller
|
| 264 |
|
1 |
|a Praha :
|b Portál,
|c 2021
|
| 300 |
|
|
|a 1 online zdroj (215 stran) :
|b ilustrace
|
| 336 |
|
|
|a text
|b txt
|2 rdacontent
|
| 337 |
|
|
|a počítač
|b c
|2 rdamedia
|
| 338 |
|
|
|a online zdroj
|b cr
|2 rdacarrier
|
| 504 |
|
|
|a Obsahuje bibliografie a bibliografické odkazy
|
| 506 |
|
|
|a Dostupný z IP adres sítě UTB ve Zlíně nebo vzdáleným přístupem pro zaměstnance a studenty univerzity
|
| 650 |
0 |
7 |
|a stud
|7 ph126161
|2 czenas
|
| 650 |
0 |
7 |
|a ostych
|7 ph123856
|2 czenas
|
| 650 |
0 |
7 |
|a sebepoznání
|7 ph116116
|2 czenas
|
| 650 |
0 |
7 |
|a sebepojetí
|7 ph125450
|2 czenas
|
| 650 |
0 |
7 |
|a sebeřízení
|7 ph303239
|2 czenas
|
| 650 |
0 |
7 |
|a rozvoj osobnosti
|7 ph194683
|2 czenas
|
| 650 |
0 |
9 |
|a shame
|2 eczenas
|
| 650 |
0 |
9 |
|a timidity
|2 eczenas
|
| 650 |
0 |
9 |
|a self-consciousness
|2 eczenas
|
| 650 |
0 |
9 |
|a self-concept
|2 eczenas
|
| 650 |
0 |
9 |
|a self-management
|2 eczenas
|
| 650 |
0 |
9 |
|a personality development
|2 eczenas
|
| 655 |
|
7 |
|a populárně-naučné publikace
|7 fd131864
|2 czenas
|
| 655 |
|
7 |
|a elektronické knihy
|7 fd186907
|2 czenas
|
| 655 |
|
9 |
|a popular works
|2 eczenas
|
| 655 |
|
9 |
|a electronic books
|2 eczenas
|
| 700 |
1 |
|
|a Müller, Ivo,
|d 1967-
|7 jn20001227147
|4 trl
|
| 710 |
2 |
|
|a EBSCO Publishing (firma)
|7 ko2003184421
|4 pbl
|
| 856 |
4 |
1 |
|u http://search.ebscohost.com/login.aspx?direct=true&scope=site&db=nlebk&db=nlabk&AN=3048662&authtype=ip,shib&custid=s3936755
|
| 910 |
|
|
|a ZLD002
|
| 942 |
|
|
|2 udc
|
| 992 |
|
|
|a BK
|c EBOOK-TN
|c EBSCO
|
| 993 |
|
|
|x NEPOSILAT
|y EIZ
|